Barnsley Biggest Transfers - Statistics

General Stats
  • This quiz has been taken 16 times
    8 since last reset
  • The average score is 18 of 43
Answer Stats
% Correct
Incomings Denmark CB 21 Mads Andersen 19/20 Horsens
100%
Outgoings Denmark CB 25 Mads Andersen 23/24 Luton Town
100%
Outgoings Jamaica CB 26 Ethan Pinnock 19/20 Brentford
75%
Outgoings England ST 26 Carlton Morris 22/23 Luton Town
63%
Outgoings Ireland CM 25 Conor Hourihane 16/17 Aston Villa
63%
Incomings England CM 21 Josh Benson 21/22 Burnley
63%
Outgoings Wales ST 26 Kieffer Moore 19/20 Wigan Athletic
63%
Outgoings England CB 26 Marc Roberts 17/18 Birmingham City
63%
Outgoings Poland CB 26 Michal Helik 22/23 Huddersfield Town
63%
Outgoings Wales ST 26 Tom Bradshaw 18/19 Millwall
63%
Outgoings England CB 22 Alfie Mawson 16/17 Swansea City
50%
Incomings England ST 26 Ashley Ward 97/98 Derby County
50%
Outgoings England ST 28 Ashley Ward 98/99 Blackburn Rovers
50%
Incomings North Macedonia ST 21 Gjorgji Hristov 97/98 Partizan Belgrade
50%
Incomings England CM 21 Herbie Kane 20/21 Liverpool
50%
Incomings Canada ST 24 Iain Hume 08/09 Leicester City
50%
Outgoings Canada ST 26 Iain Hume 10/11 Preston North End
50%
Outgoings Scotland ST 22 Jacob Brown 20/21 Stoke City
50%
Outgoings Scotland CB 23 Liam Lindsay 19/20 Stoke City
50%
Incomings England RW 20 Luke Thomas 19/20 Derby County
50%
Incomings England RW 20 Mallik Wilks 19/20 Leeds United
50%
Incomings Senegal ST 22 Mamadou Thiam 17/18 Dijon
50%
Incomings Austria ST 21 Patrick Schmidt 19/20 Admira Wacker
50%
Outgoings England RM 24 Brad Potts 18/19 Preston North End
38%
Incomings Northern Ireland CM 22 Cameron McGeehan 17/18 Luton Town
38%
Outgoings England RB 19 James Bree 16/17 Aston Villa
38%
Incomings Norway ST 30 Jan Age Fjortoft 97/98 Sheffield United
38%
Outgoings England CB 18 John Stones 12/13 Everton
38%
Outgoings England CB 23 Liam Kitching 23/24 Coventry City
38%
Outgoings England CB 18 Mason Holgate 15/16 Everton
25%
Incomings Scotland ST 31 Andy Gray 09/10 Charlton Athletic
13%
Outgoings England CB 21 Carl Tiler 90/91 Nottingham Forest
13%
Incomings England RW 28 Craig Hignett 98/99 Aberdeen
13%
Outgoings England RW 30 Craig Hignett 00/01 Blackburn Rovers
13%
Outgoings England ST 27 David Currie 89/90 Nottingham Forest
13%
Outgoings Northern Ireland CB 24 Gerry Taggart 95/96 Bolton Wanderers
13%
Outgoings England CB 27 Jason Shackell 11/12 Derby County
13%
Incomings Scotland CM 22 Jim O'Brien 10/11 Motherwell
13%
Outgoings England CM 33 Neil Redfearn 98/99 Charlton Athletic
13%
Incomings England ST 24 Neil Shipperley 99/00 Nottingham Forest
13%
Outgoings England ST 26 Neil Shipperley 01/02 Wimbledon
13%
Outgoings England GK 20 Scott Flinders 06/07 Crystal Palace
13%
Outgoings England CM 25 Steve Agnew 90/91 Blackburn Rovers
13%
No matching quizzes found
Score Distribution
Percent of People with Each Score
Percentile by Number Answered
Your Score History
You have not taken this quiz since the last reset